000 00424pab a2200157 454500
008 180718b1983 xxu||||| |||| 00| 0 eng d
100 _aWhiteley, Paul
245 _aInfluencing social policy
_bThe effectiveness of the poverty lobby in Britain
260 _c1983
300 _a1-26
362 _aJan.
650 _aU.K. - Social Policy
700 _aSteve Winyard
773 _aJournal of Social Policy
909 _a20070
999 _c20070
_d20070